00835nam a2200217 i 450000100060000000300090000600500170001500700030003200800410003504000200007610000430009624501190013926000410025830000400029965000320033970000310037170000510040285200220045399900170047595201250049254252ES-MaACL20250721143716.0t|960716s1894 fr ||||1| fre d aCAM bspa cCAM1 aFlammarion, Camille,d1842-192595111013aLa fin du monde / cCamille Flammarion ; illustrations par Jean-Paul Laurens ... [et al.] ; gravure par Méaulle. aParis : bErnest Flammarion, c1894. a[6], 385, [2] p. : bil. ; c24 cm.07aFin del mundo2embne9128690 aLaurens, Jean-Paul.9706191 aMéaulle, Fortuné Louis, d1844-1901979640 aES-MaACLjG-11887 c54252d54252 001040708LIBXIXaATENEOMbATENEOMcSPP3d2008-01-17eSCl0oG-11887p1057012r2023-02-23 00:00:00w2023-02-23yMONANT